| 000 | 00745nam a2200229 a 4500 | ||
|---|---|---|---|
| 001 | 000042413 | ||
| 005 | 20201002040135.0 | ||
| 008 | 131128s1998 sp a 000 j spa d | ||
| 020 | _a8420789879 | ||
| 040 |
_aDO-SdBNP _bspa _cBNPHU |
||
| 041 | 1 | 7 |
_aspa _2eng |
| 082 |
_axxx _bC334a |
||
| 100 | 1 |
_aCasalderrey, Fina _d1951- _969536 |
|
| 240 | 1 | 0 |
_aÁs de mosca para Anxo. _lEspañol |
| 245 | 1 | 0 |
_aAlas de mosca para Ángel / _cFina Casalderrey ; ilustraciones de Manuel Uhía ; traducción de Juan Farias. |
| 260 |
_aMadrid : _bAnaya, _c1998. |
||
| 300 |
_a144 p. : _bil., retrs ; _c20 cm. |
||
| 490 | 1 |
_aSopa de libros ; _v22 ; |
|
| 590 | _aInventariado, 2019/ YL | ||
| 700 | 1 | 2 |
_aFarias, Juan _etr. _969537 |
| 830 | 0 |
_aSopa de libros _n22 _969538 |
|
| 999 |
_c41902 _d41902 |
||